| 000 | 01006nam a2200301Ia 4500 | ||
|---|---|---|---|
| 003 | OSt | ||
| 005 | 20221007123226.0 | ||
| 006 | a|||||r|||| 00| 0 | ||
| 007 | ta | ||
| 008 | 221006b |||||||| |||| 00| 0 eng d | ||
| 020 |
_a9810214596 (hbd) _c _ 34.00 |
||
| 024 | _a3309 | ||
| 037 |
_bNavayug, _cTextual |
||
| 040 |
_aPAPL _cPAPL _beng |
||
| 041 |
_2eng _aeng |
||
| 082 | _aC23, N4 | ||
| 100 |
_aGinzburg V L _9151112 |
||
| 245 | 0 |
_aSuperconductivity by V L Ginzburg and E A Andryushin _b Andryushin E A |
|
| 260 |
_aSingapore _bWorld Scientific _c1994 |
||
| 300 |
_a91p _ccm. |
||
| 500 | _a^mPurchase^n23/CSL/Carpa/95-96/2560^d1995-05-12; ; 95-96/75^b1995-05-24^cP/14^d1995-05-18^eNavayug Traders^f1995-05-24^hLPT; ; 1995-06-09^bSB | ||
| 650 |
_a Solids _9519377 |
||
| 650 |
_a Superconductivity _9642647 |
||
| 650 | _aPhysics | ||
| 700 |
_a Andryushin E A _9716916 |
||
| 942 |
_hC23, N4 _cTEXL _2CC |
||
| 999 |
_c1211565 _d1211565 |
||